MARC

LEADER 00000nam0a2200000 4500
001 29825
005 20231030203649.0
010 |a 5237034217 
035 |a (RuTPU)RU\TPU\book\30091 
035 |a BOOK00030167 
090 |a 29825 
100 |a 20011209d1999 u y0rusy50 ca 
101 1 |a rus 
102 |a RU 
105 |a a efg 001|y 
200 1 |a Книга рекордов Гиннесса  |e 1999  |f Пер. с англ. осуществлен изд-вом АСТ 
205 |f Печатается с разрешения Guinness Publishing Ltd c/o Toymania LLC. 
210 |a Назрань  |c АСТ  |d 1999 
215 |a 431 с.  |c ил. 
320 |a Указ.: с. 381-461. 
510 1 |a The Guinness Book of Records 
610 1 |a энциклопедии 
610 1 |a словари 
610 1 |a справочники 
610 1 |a рекорды 
610 1 |a занимательные факты 
610 1 |a известность 
610 1 |a деньги 
610 1 |a бизнес 
610 1 |a необычные люди 
610 1 |a необычные судьбы 
610 1 |a человек 
610 1 |a природа 
610 1 |a материальный мир 
610 1 |a высокие технологии 
610 1 |a войны 
610 1 |a катастрофы 
610 1 |a искусство 
610 1 |a средства массовой информации 
610 1 |a музыка 
610 1 |a мода 
610 1 |a спорт 
610 1 |a Гиннесс 
686 |a Я9  |v LBC/SL-A  |2 rubbk 
801 0 |a RU  |b 63413507  |c 20011209  |g PSBO 
801 2 |a RU  |b 63413507  |c 20131111  |g RCR 
942 |c BK